000 00422nam a2200169Ia 4500
008 230711s9999||||xx |||||||||||||| ||und||
020 _a0-8247-2647-2
041 _aENG
082 _a615.4
_bPA-H
100 _aParikh,Dilip M
245 0 _aHandbook of Pharmaceutical Granulation Technology
250 _a2nd Ed.
260 _c2005
_aAbingdon
_bTaylor & FrancisĀ 
300 _a623p.
650 _aPharmacy
942 _cBK
999 _c7250
_d7250